Toxico / (Record no. 6679)

MARC details
000 -LEADER
campo de control de longitud fija 00779nam a2200265 i 4500
001 - NÚMERO DE CONTROL
campo de control 6679
003 - IDENTIFICADOR DE NÚMERO DE CONTROL
campo de control ES-MaACL
005 - FECHA Y HORA DE LA ÚLTIMA TRANSACCIÓN
campo de control 20240509092056.0
007 - CAMPO FIJO DE DESCRIPCIÓN FÍSICA--INFORMACIÓN GENERAL
campo de control de longitud fija t|
008 - DATOS DE LONGITUD FIJA--INFORMACIÓN GENERAL
campo de control de longitud fija 900226s1990 sp ||||1| spa d
020 ## - NÚMERO INTERNACIONAL ESTÁNDAR DEL LIBRO
Número Internacional Estándar del Libro 847658198X
080 ## - NÚMERO DE LA CLASIFICACIÓN DECIMAL UNIVERSAL
Número de la Clasificación Decimal Universal 86-14"19"
080 ## - NÚMERO DE LA CLASIFICACIÓN DECIMAL UNIVERSAL
Número de la Clasificación Decimal Universal 86(Ramirez Escoto,R.7 T.01)
100 1# - ENTRADA PRINCIPAL--NOMBRE DE PERSONA
Nombre de persona Ramírez Escoto, Rafael.
9 (RLIN) 95144
245 10 - MENCIÓN DEL TÍTULO
Título Toxico /
Mención de responsabilidad, etc. Rafael Ramirez Escoto.
250 ## - MENCION DE EDICION
Mención de edición 1a ed.
260 ## - PUBLICACIÓN, DISTRIBUCIÓN, ETC.
Lugar de publicación, distribución, etc. Barcelona :
Nombre del editor, distribuidor, etc. Anthropos,
Fecha de publicación, distribución, etc. 1990.
300 ## - DESCRIPCIÓN FÍSICA
Extensión 41 p. ;
Dimensiones 20 cm.
490 1# - MENCIÓN DE SERIE
Mención de serie Ambitos literarios. Poesía ;
Designación de volumen o secuencia 97
500 ## - NOTA GENERAL
Nota general Premio Editorial Anthropos de Poesia 1989.
830 0# - PUNTO DE ACCESO ADICIONAL DE SERIE-TÍTULO UNIFORME
Título uniforme Ámbitos literarios.
Nombre de parte o sección de la obra Poesía ;
Designación de volumen o secuencia 97
9 (RLIN) 177287
852 ## - LOCALIZACIÓN
Ubicación ES-MaACL
Número de control de estantería L-13922
Sublocalización o colección R.117511
Nota libre . - rust.
942 ## - ELEMENTOS DE ENTRADA SECUNDARIOS (KOHA)
Fuente del sistema de clasificación o colocación Clasificación decimal universal
Holdings
Estatus retirado Estado de pérdida Estado de daño No para préstamo Biblioteca de origen Biblioteca actual Ubicación en estantería Fecha de adquisición Fuente de adquisición Total de préstamos Signatura topográfica completa Código de barras Visto por última vez Precio de reemplazo Tipo de ítem Koha
        Biblioteca del Ateneo de Madrid Biblioteca del Ateneo de Madrid Depósito 2 17/01/2008     L-13922 1006806 23/02/2023 23/02/2023 Libro impreso